01324cam a2200337 a 450000100090000000300090000900500170001800800410003502000180007603500220009404000380011604100130015408200240016724501130019126400600030430000240036433600260038833700280041433800270044249000260046954600550049565000680055065000750061865100100069365300220070365500240072570000470074994200120079699900170080895201610082512359053EG-ScBUE20220227113225.0010225s2003 ua f 000 j eng d a9789774247804 a(DLC) 2001301741 aDLCbengerdacDLCdDLCdEG-ScBUE1 aenghara04a892.730108bUND22200aUnder the naked sky :bshort stories from the Arab world /cselected and translated by Denys Johnson-Davies. 1aCairo :bThe American University in Cairo Press,c2003. a243 pages ;c24 cm. 2rdacontentatextbtxt 2rdamediaaunmediatedbn 2rdacarrieravolumebnc0 aModern Arabic writing aText in English ; translated from Arabic language. 7aShort stories, ArabicxTranslations into English.2BUEsh922815 7aArabic fictiony20th centuryxTranslations into English.2BUEsh922816 2BUEsh cApril2011bARALIT vReading book9342321 aJohnson-Davies, Denys,etranslator.922817 2ddccBB c15055d15055 00102ddc40708AUCaMAINbMAINc2NDd2011-04-04ePurchaseg27.00l1m31o892.730108 UNDp000023113r2025-07-15 00:00:00s2023-09-24v75.00w2011-04-04yBB